Effects of Viscous Dissipation and General Surface Temperature on Flow and Heat Transfer in a Thin Liquid Film on an Unsteady Stretching Sheet using Homotopy Analysis Method / (Record no. 607343)
[ view plain ]
| 000 -LEADER | |
|---|---|
| fixed length control field | 00827nam a22001697a 4500 |
| 003 - CONTROL NUMBER IDENTIFIER | |
| control field | NUST |
| 082 ## - DEWEY DECIMAL CLASSIFICATION NUMBER | |
| Classification number | 621 |
| 100 ## - MAIN ENTRY--PERSONAL NAME | |
| Personal name | Zeeshan, Muhammad |
| 245 ## - TITLE STATEMENT | |
| Title | Effects of Viscous Dissipation and General Surface Temperature on Flow and Heat Transfer in a Thin Liquid Film on an Unsteady Stretching Sheet using Homotopy Analysis Method / |
| Statement of responsibility, etc. | Muhammad Zeeshan |
| 264 ## - PRODUCTION, PUBLICATION, DISTRIBUTION, MANUFACTURE, AND COPYRIGHT NOTICE | |
| Place of production, publication, distribution, manufacture | Islamabad : |
| Name of producer, publisher, distributor, manufacturer | SMME- NUST; |
| Date of production, publication, distribution, manufacture, or copyright notice | 2023. |
| 300 ## - PHYSICAL DESCRIPTION | |
| Extent | 76p. ; |
| Other physical details | Soft Copy |
| Dimensions | 30cm. |
| 520 ## - SUMMARY, ETC. | |
| Summary, etc. | The lie symmetry approach is used to investigate effects on various dissipation on flow and heat transmission in a thin liquid layer on unstable stretched sheet.... |
| 650 ## - SUBJECT ADDED ENTRY--TOPICAL TERM | |
| Topical term or geographic name entry element | MS Mechanical Engineering |
| 700 ## - ADDED ENTRY--PERSONAL NAME | |
| Personal name | Supervisor : Dr Muhammad Safdar |
| 856 ## - ELECTRONIC LOCATION AND ACCESS | |
| Uniform Resource Identifier | <a href="http://10.250.8.41:8080/xmlui/handle/123456789/34375">http://10.250.8.41:8080/xmlui/handle/123456789/34375</a> |
| 942 ## - ADDED ENTRY ELEMENTS (KOHA) | |
| Source of classification or shelving scheme | |
| Koha item type | Thesis |
| Withdrawn status | Permanent Location | Current Location | Shelving location | Date acquired | Full call number | Barcode | Koha item type |
|---|---|---|---|---|---|---|---|
| School of Mechanical & Manufacturing Engineering (SMME) | School of Mechanical & Manufacturing Engineering (SMME) | E-Books | 12/13/2023 | 621 | SMME-TH-867 | Thesis |
